[Event "EOC-ch Playoff-B 2021"]
[Site "Online"]
[Date "2021.03.29"]
[Round "2.8"]
[White "Baklan, Vladimir"]
[Black "Guliyev, Namig"]
[Result "1-0"]
[WhiteElo "2587"]
[BlackElo "2538"]
[Annotator "ChessBase"]
[PlyCount "85"]
[EventDate "2021.03.29"]
[EventType "team-tourn"]
[EventCountry "NET"]
[SourceTitle "playchess.com"]
[Source "ChessBase"]
[SourceQuality "1"]
[TimeControl "900+5"]

1. e4 {[%emt 0:00:00]} e5 {[%emt 0:00:02]} 2. Nf3 {[%emt 0:00:03]} Nf6 {[%emt 0:00:01]} 3. Nxe5 {[%emt 0:00:04]} d6 {[%emt 0:00:01]} 4. Nf3 {[%emt 0:00:01]} Nxe4 {[%emt 0:00:02]} 5. Nc3 {[%emt 0:00:03]} Nf6 {[%emt 0:00:02]} 6. d4 {[%emt 0:00:02]} Be7 {[%emt 0:00:03]} 7. h3 {[%emt 0:00:03]} O-O {[%emt 0:00:05]} 8. Bd3 {[%emt 0:00:03]} b6 {[%emt 0:00:13]} 9. O-O {[%emt 0:00:08]} Bb7 {[%emt 0:00:01]} 10. d5 {[%emt 0:00:43]} c6 {[%emt 0:00:06]} 11. dxc6 {[%emt 0:00:04]} Nxc6 {[%emt 0:00:01]} 12. Re1 {[%emt 0:00:03]} Re8 {[%emt 0:00:42]} 13. Bg5 {[%emt 0:00:12]} h6 {[%emt 0:00:03]} 14. Bh4 {[%emt 0:00:04]} Nh5 {[%emt 0:00:09]} 15. Bxe7 {[%emt 0:00:32]} Rxe7 {[%emt 0:00:02]} 16. Qd2 {[%emt 0:00:07]} Nf6 {[%emt 0:00:08]} 17. Bf1 {[%emt 0:00:23]} Rxe1 {[%emt 0:00:48]} 18. Rxe1 {[%emt 0:00:04]} Qd7 {[%emt 0:00:02]} 19. Nb5 {[%emt 0:00:25]} Rd8 {[%emt 0:00:10]} 20. c3 {[%emt 0:00:27]} a6 {[%emt 0:01:07]} 21. Nbd4 {[%emt 0:00:07]} Nxd4 {[%emt 0:00:18]} 22. Nxd4 {[%emt 0:00:04]} Re8 {[%emt 0:00:15]} 23. Rxe8+ {[%emt 0:00:14]} Qxe8 {[%emt 0:00:27]} 24. Nf5 {[%emt 0:00:46]} Qe4 {[%emt 0:01:27]} 25. Nxd6 {[%emt 0:00:20]} Qd5 {[%emt 0:00:07]} 26. Qxd5 {[%emt 0:01:39]} Bxd5 {[%emt 0:00:02]} 27. Bxa6 {[%emt 0:00:01]} Bxa2 {[%emt 0:00:03]} 28. Nc8 {[%emt 0:00:05]} Nd5 {[%emt 0:00:15]} 29. Bb7 {[%emt 0:00:04]} Nf4 {[%emt 0:00:53]} 30. Nxb6 {[%emt 0:00:09]} Kf8 {[%emt 0:00:03]} 31. h4 {[%emt 0:01:43]} Ke7 {[%emt 0:00:07]} 32. g3 {[%emt 0:00:06]} Nd3 {[%emt 0:00:02]} 33. b4 {[%emt 0:00:03]} Kd6 {[%emt 0:00:04]} 34. Be4 {[%emt 0:00:59]} Nb2 {[%emt 0:00:22]} 35. Kf1 {[%emt 0:00:34]} g5 {[%emt 0:00:03]} 36. hxg5 {[%emt 0:00:17]} hxg5 {[%emt 0:00:02]} 37. Ke1 {[%emt 0:00:01]} Ke5 {[%emt 0:00:08]} 38. Bc2 {[%emt 0:00:12]} f5 {[%emt 0:00:07]} 39. Kd2 {[%emt 0:00:12]} f4 {[%emt 0:00:03]} 40. Kc1 {[%emt 0:00:10]} fxg3 {[%emt 0:00:18]} 41. fxg3 {[%emt 0:00:04]} Nc4 {[%emt 0:00:01]} 42. Nxc4+ {[%emt 0:00:03]} Bxc4 {[%emt 0:00:02]} 43. Kd2 {[%emt 0:00:01]} 1-0

[Event "EOC-ch Playoff-B 2021"]
[Site "Online"]
[Date "2021.03.29"]
[Round "2.10"]
[White "Guseinov, Gadir"]
[Black "Vidit, Santosh Gujrathi"]
[Result "1/2-1/2"]
[WhiteElo "2665"]
[BlackElo "2726"]
[Annotator "TA"]
[PlyCount "66"]
[EventDate "2021.03.29"]
[EventType "team-tourn"]
[EventCountry "NET"]
[SourceTitle "playchess.com"]
[Source "ChessBase"]
[SourceQuality "1"]

{[%evp 17,66,0,14,17,15,5,20,0,0,0,0,0,-6,-22,0,9,0,4,2,0,17,10,26,7,35,24,47,32,32,18,35,8,11,0,7,0,0,0,0,0,0,0,0,0,0,0,0,0,0,0,0]} 1. e4 e5 2. Nf3 Nc6 3. Bb5 a6 4. Bxc6 dxc6 5. O-O Bd6 6. d4 exd4 7. Qxd4 f6 8. Be3 Be6 9. Nbd2 Ne7 10. Qc3 {C68: Ruy Lopez: Exchange Variation, sidelines.} Qd7 11. Rad1 O-O-O 12. Nc4 Bxc4 13. Qxc4 Ng6 14. Nd4 Ne5 15. Qe2 Ng4 16. Nf5 Nxe3 17. Qxe3 {[#] aiming for Qa7.} Kb8 {[#]} 18. Rd3 $146 ({Predecessor:} 18. Nxd6 cxd6 19. Rd4 Qe6 20. c4 Rhe8 21. Re1 f5 22. b4 Qf6 23. h3 Re5 24. Qd2 fxe4 25. Rdxe4 Rde8 {½-½ (25) Kunakov,O (2080)-Mueller,M (2146) LSS email 2009}) 18... g6 19. Nxd6 cxd6 20. Rfd1 Qe7 21. f3 Rd7 22. c4 Rhd8 23. Qd2 Qe5 24. b3 f5 {The position is equal.} 25. exf5 Qxf5 26. Kh1 d5 27. h3 Kc8 {Strongly threatening ...dxc4.} (27... Kc7 {seems wilder.} 28. Qa5+ Kc8 29. Qc3 Kc7 30. cxd5 Rxd5 31. Rxd5 Rxd5 32. Rxd5 Qxd5 33. Qg7+ Qd7) 28. Qc3 dxc4 {[%cal Rd7d3]} 29. Rxd7 Rxd7 30. Rxd7 Qxd7 31. Qxc4 Qd1+ 32. Kh2 Qd6+ 33. f4 h5 {Weighted Error Value: White=0.05/Black=0.05} 1/2-1/2

[Event "EOC-ch Playoff-B 2021"]
[Site "Online"]
[Date "2021.03.29"]
[Round "2.11"]
[White "Wojtaszek, Radoslaw"]
[Black "Abasov, Nijat"]
[Result "1/2-1/2"]
[WhiteElo "2705"]
[BlackElo "2664"]
[Annotator "TA"]
[PlyCount "60"]
[EventDate "2021.03.29"]
[EventType "team-tourn"]
[EventCountry "NET"]
[SourceTitle "playchess.com"]
[Source "ChessBase"]
[SourceQuality "1"]

{[%evp 16,60,26,9,29,14,17,14,10,5,22,16,9,22,35,42,41,39,41,39,31,25,46,25,18,31,18,15,20,12,11,9,18,18,31,23,18,7,17,2,9,3,4,0,2,0,0]} 1. d4 Nf6 2. c4 e6 3. g3 d5 4. Bg2 Be7 5. Nf3 O-O 6. O-O dxc4 7. Qc2 a6 8. a4 c5 9. dxc5 Bxc5 $1 {The main line 9...Bxc5 scores better than 9...Nc6. E05: Open Catalan: 5 Nf3 Be7.} 10. Nbd2 b5 11. axb5 {Threatening Ne5.} Bb7 12. Nxc4 axb5 13. Rxa8 Bxa8 14. Nce5 Qb6 15. Nd3 {[#]} Nbd7 $146 {[%cal Bb8d7,Bd7c5,Bc5a4][%mdl 32]} ({Predecessor:} 15... Bd6 16. Be3 Qc6 17. Rc1 Qxc2 18. Rxc2 Nd5 19. Bc5 Rc8 20. Nd4 Bxc5 21. Rxc5 Rxc5 22. Nxc5 {1-0 (49) Kuzubov,Y (2643)-Schitco,I (2467) chess.com INT 2020}) 16. Nxc5 Qxc5 17. Qxc5 Nxc5 18. Nd4 Na4 19. Nxb5 Bxg2 20. Kxg2 Rb8 {[#]} 21. Rd1 $1 h6 22. Nc3 Nxb2 23. Rd4 e5 24. Rd6 Nc4 25. Rc6 Na5 {[%cal Ra5c6]} 26. Rc7 {The position is equal.} Rb4 27. Bd2 Rc4 28. Rxc4 Nxc4 29. Bc1 Kf8 30. f3 Ke7 {Weighted Error Value: White=0.04/Black=0.03} 1/2-1/2

[Event "EOC-ch Playoff-B 2021"]
[Site "Online"]
[Date "2021.03.29"]
[Round "3.1"]
[White "Mamedyarov, Shakhriyar"]
[Black "Bluebaum, Matthias"]
[Result "1-0"]
[WhiteElo "2770"]
[BlackElo "2670"]
[Annotator "TA"]
[PlyCount "101"]
[EventDate "2021.03.29"]
[EventType "team-tourn"]
[EventCountry "NET"]
[SourceTitle "playchess.com"]
[Source "ChessBase"]
[SourceQuality "1"]

{[%evp 14,101,0,0,0,0,0,-57,-47,-52,-52,-51,-49,-74,-60,-46,-45,-55,-58,-64,-55,-64,-62,-58,0,8,21,0,6,8,0,0,94,8,57,29,37,37,30,46,54,42,39,34,73,62,91,104,129,128,137,137,224,194,445,183,170,119,120,111,307,299,540,540,546,538,525,528,855,854,831,798,953,929,903,877,1575,1480,1681,1008,1676,1322,2439,1959,5887,5540,5316,5122,29986,29986]} 1. d4 d5 2. c4 e6 3. Nf3 Nf6 4. Nc3 Bb4 5. Qa4+ Nc6 6. Bg5 dxc4 7. a3 Bxc3+ 8. bxc3 Qd5 {White must now prevent ...Ne4. D39: Queen's Gambit Declined: Ragozin Defence with 5 Bg5 dxc4.} 9. Bxf6 gxf6 10. Qc2 (10. Nd2 $11) 10... f5 {Black is slightly better.} 11. g3 b6 12. Bg2 Bb7 13. O-O {[#]} Na5 $146 ({Predecessor:} 13... O-O-O 14. Rfe1 Kb8 15. Rab1 f6 16. Qa4 Ne7 17. Nh4 Qd7 18. Qxc4 Ng6 19. Bxb7 Kxb7 {0-1 (38) Olszewski,M (2548)-Wojtaszek,R (2741) Germany 2015}) 14. Nh4 Qd7 15. Bxb7 Nxb7 16. e4 fxe4 17. Qxe4 O-O-O 18. Rfe1 Rhg8 (18... Qd5 $15) 19. Qxh7 $11 Nd6 20. Qc2 Qc6 21. Re5 Rg4 22. Rae1 Rh8 {[#]} (22... Rxh4 $11 23. gxh4 Qf3) 23. Ng2 (23. d5 $1 $16 {[%cal Rd5c6]} exd5 24. Nf5) 23... Rg7 (23... Kb7 {is interesting.} 24. Qe2 Rgg8 25. Qd1 Nb5 26. Qd2 Nd6) 24. h4 (24. Qd1 {with more complications.} Kb7 25. Nf4 Nb5 26. Qd2 a5 27. a4) 24... Kb8 25. Qd1 a5 26. d5 exd5 27. Qxd5 (27. Rxd5 {with more complications.} Rgg8 28. Ree5 Kb7 29. a4 Re8 30. Ne3) 27... Qxd5 28. Rxd5 a4 29. h5 Kb7 30. Nf4 Kc6 31. Kg2 Rg4 {[#] ...Rxf4! is the strong threat.} 32. Rde5 $1 Nb5 (32... Rg7 $16 33. f3 Rf8) 33. Kf3 Rgg8 (33... Rg7 34. g4 Nxa3) 34. g4 (34. Nd5 $142 Nd6 35. Ne7+ {[%mdl 64] Double Attack} Kd7 36. Nxg8 Rxg8 37. h6) 34... Ra8 35. Rxb5 Kxb5 $18 {[%mdl 4096] Endgame KRR-KRN} 36. Re7 c5 $2 {Black cannot hold the game after this.} (36... f6 $16) 37. Rxf7 Ka5 $2 (37... Kc6 38. Rf6+ Kb7) 38. g5 b5 39. Rf5 Kb6 40. g6 Rag8 41. Nd5+ Kb7 42. Rf7+ Ka6 43. Kg4 b4 44. cxb4 cxb4 45. Nxb4+ Kb5 46. Rf5+ Kb6 47. Kg5 Rd8 48. g7 Rhg8 49. h6 c3 50. Kg6 Rd6+ 51. Rf6 {Weighted Error Value: White=0.24/Black=0.66} 1-0

[Event "EOC-ch Playoff-B 2021"]
[Site "Online"]
[Date "2021.03.29"]
[Round "3.2"]
[White "Donchenko, Alexander"]
[Black "Abasov, Nijat"]
[Result "1/2-1/2"]
[WhiteElo "2678"]
[BlackElo "2664"]
[Annotator "TA"]
[PlyCount "65"]
[EventDate "2021.03.29"]
[EventType "team-tourn"]
[EventCountry "NET"]
[SourceTitle "playchess.com"]
[Source "ChessBase"]
[SourceQuality "1"]

{[%evp 19,65,13,27,0,0,0,0,4,8,2,3,0,71,71,166,17,38,0,0,0,0,0,0,0,2,0,0,0,0,0,0,0,0,0,0,0,0,0,0,-3,0,0,0,0,0,0,0,0]} 1. d4 Nf6 2. c4 e6 3. g3 d5 4. Bg2 Be7 5. Nf3 O-O 6. O-O dxc4 7. Qc2 a6 8. a4 c5 9. dxc5 Bxc5 $1 {The main line 9...Bxc5 scores better than 9...Nc6.} 10. Qxc4 Nbd7 11. Nc3 {E05: Open Catalan: 5 Nf3 Be7.} b5 12. Qd3 Bb7 13. axb5 axb5 14. Rxa8 Qxa8 15. Qxb5 {[#]} Ba6 $5 $146 {[%mdl 8] An interesting novelty.} (15... Bc6 $11 {keeps the balance.} 16. Qc4 Rc8) ({Predecessor:} 15... Bc6 16. Qc4 Rb8 17. Qa2 Qb7 18. Ne1 h6 19. Bxc6 Qxc6 20. Qa4 Qb7 21. Nd3 Bd4 22. Bd2 e5 23. e3 Ne4 24. Nxe4 Qxe4 {1-0 (24) Veingold,A (2480)-Kanep,M (2445) Tallinn 2003}) 16. Qa4 $16 Qa7 (16... Bb7 $16 {was worth a try.}) 17. Bg5 ({White should play} 17. b4 $18 Bb6 18. b5) 17... Qb6 $11 18. Bxf6 Nxf6 {The position is equal.} 19. Ne5 Qxb2 20. Qxa6 {[#] Hoping for Qc4.} Qxc3 21. Nd3 Qa3 22. Qc6 Bd6 23. Rb1 h6 24. Bf3 Rb8 25. Rxb8+ Bxb8 26. Qc8+ (26. Nc5 {with more complications.} Qa1+ 27. Kg2 Qe5 28. Qc8+ Kh7 29. h3) 26... Qf8 27. Qxf8+ Kxf8 {[%mdl 4096] Endgame KBN-KBN} 28. Nc5 Ke7 29. Ne4 Nxe4 30. Bxe4 f5 31. Bd3 g5 32. Kg2 Kf6 33. e3 {Weighted Error Value: White=0.18/Black=0.13} 1/2-1/2

[Event "EOC-ch Playoff-B 2021"]
[Site "Online"]
[Date "2021.03.29"]
[Round "3.3"]
[White "Durarbayli, Vasif"]
[Black "Meier, Georg"]
[Result "1-0"]
[WhiteElo "2606"]
[BlackElo "2628"]
[Annotator "RC"]
[PlyCount "107"]
[EventDate "2021.03.29"]
[EventType "team-tourn"]
[EventCountry "NET"]
[SourceTitle "playchess.com"]
[Source "ChessBase"]
[SourceQuality "1"]
[TimeControl "900+5"]

1. e4 {[%emt 0:00:00]} e6 {[%emt 0:00:02]} 2. d4 {[%emt 0:00:02]} d5 {[%emt 0:00:01]} 3. e5 {[%emt 0:00:01]} c5 {[%emt 0:00:01]} 4. c3 {[%emt 0:00:01]} Nc6 {[%emt 0:00:01]} 5. Nf3 {[%emt 0:00:01]} Qb6 {[%emt 0:00:01]} 6. Bd3 {[%emt 0:00:02]} cxd4 {[%emt 0:00:05]} 7. cxd4 {[%emt 0:00:01]} Bd7 {[%emt 0:00:03]} 8. O-O {[%emt 0:00:01]} Nxd4 {[%emt 0:00:02]} 9. Nbd2 {[%emt 0:00:02]} Bc5 {[%emt 0:00:04]} 10. Nxd4 {[%emt 0:00:07]} Bxd4 {[%emt 0:00:04]} 11. Nf3 {[%emt 0:00:01]} Ne7 {[%emt 0:00:34]} 12. Rb1 {[%emt 0:00:04]} Nc6 {[%emt 0:00:34]} 13. Bf4 {[%emt 0:00:10]} Bc5 {[%emt 0:00:53]} 14. Ng5 {[%emt 0:02:52]} Be7 {[%emt 0:03:39]} 15. Qh5 {[%emt 0:03:20]} g6 {[%emt 0:00:14]} 16. Qf3 {[%emt 0:00:21]} Nd4 {[%emt 0:05:25]} 17. Qd1 {[%emt 0:00:38]} Nf5 {[%emt 0:02:01]} 18. Bxf5 {[%emt 0:00:11]} exf5 {[%emt 0:00:02]} 19. Qxd5 {[%emt 0:00:02]} Be6 {[%emt 0:00:02]} 20. Nxe6 {[%emt 0:00:01]} fxe6 {[%emt 0:00:00]} 21. Qc4 {[%emt 0:00:52]} Kf7 {[%emt 0:00:59]} 22. Be3 {[%emt 0:00:35]} Qb4 {[%emt 0:01:35]} 23. Qxb4 {[%emt 0:02:47]} Bxb4 {[%emt 0:00:00]} 24. Rfd1 {[%emt 0:00:01]} Rhd8 {[%emt 0:00:21]} 25. Rxd8 {[%emt 0:00:06]} Rxd8 {[%emt 0:00:00]} 26. a3 {[%emt 0:00:03]} Be7 {[%emt 0:00:06]} 27. Bxa7 {[%emt 0:00:07]} f4 {[%emt 0:00:08]} 28. Kf1 {[%emt 0:00:27]} Rd2 {[%emt 0:00:09]} 29. Ke1 {[%emt 0:01:08]} Rd5 {[%emt 0:00:01]} 30. Bb8 {[%emt 0:00:05]} Bc5 {[%emt 0:00:10]} 31. Ke2 {[%emt 0:00:21]} Bd4 {[%emt 0:00:05]} 32. Kf3 {[%emt 0:00:22]} Bxe5 {[%emt 0:00:02]} 33. Bxe5 {[%emt 0:00:01]} Rxe5 {[%emt 0:00:00]} 34. Kxf4 {[%emt 0:00:14]} Re2 {[%emt 0:00:02]} 35. Kf3 {[%emt 0:00:01]} Rc2 {[%emt 0:00:01]} 36. h4 {[%emt 0:00:01]} h5 {[%emt 0:00:07]} 37. g3 {[%emt 0:00:06]} Kf6 {[%emt 0:00:14]} 38. a4 {[%emt 0:00:02]} e5 {[%emt 0:00:07]} 39. a5 {[%emt 0:00:06]} Kf5 {[%emt 0:00:03]} 40. Ke3 {[%emt 0:00:06]} e4 {[%emt 0:00:09]} 41. Rd1 {[%emt 0:00:05]} Rxb2 {[%emt 0:00:02]} 42. Rd5+ {[%emt 0:00:01]} Kf6 {[%emt 0:00:03]} 43. Kxe4 {[%emt 0:00:19]} Rxf2 {[%emt 0:00:15]} 44. Rb5 {[%emt 0:00:02]} Ra2 {[%emt 0:00:02]} 45. Rb6+ {[%emt 0:00:02]} Kg7 {[%emt 0:00:02]} 46. Rxb7+ {[%emt 0:00:01]} Kh6 {[%emt 0:00:00]} 47. Rb5 {[%emt 0:00:15]} Ra3 {[%emt 0:00:03]} 48. Rg5 {[%emt 0:00:08]} Kg7 {[%emt 0:00:16]} 49. Kd4 {[%emt 0:00:02]} Kf6 {[%emt 0:00:02]} 50. Kc4 {[%emt 0:00:01]} Ra1 {[%emt 0:00:01]} 51. Kb5 {[%emt 0:00:02]} Rb1+ {[%emt 0:00:02]} 52. Kc6 {[%emt 0:00:01]} Rc1+ {[%emt 0:00:04]} 53. Kb6 {[%emt 0:00:02]} Rb1+ {[%emt 0:00:02]} 54. Rb5 {[%emt 0:00:12]} 1-0

[Event "EOC-ch Playoff-B 2021"]
[Site "Online"]
[Date "2021.03.29"]
[Round "3.6"]
[White "Vidit, Santosh Gujrathi"]
[Black "Eljanov, Pavel"]
[Result "1-0"]
[WhiteElo "2726"]
[BlackElo "2672"]
[Annotator "TA"]
[PlyCount "57"]
[EventDate "2021.03.29"]
[EventType "team-tourn"]
[EventCountry "NET"]
[SourceTitle "playchess.com"]
[Source "ChessBase"]
[SourceQuality "1"]

{[%evp 9,57,11,12,21,20,25,19,31,29,29,32,26,37,0,22,16,23,25,14,16,10,12,22,0,20,10,20,21,14,5,19,1,18,0,22,0,29,20,28,18,25,9,14,6,10,19,55,54,416,416]} 1. d4 Nf6 2. c4 e6 3. Nf3 b6 4. a3 Bb7 5. Bf4 d6 6. Nc3 {E12: Queen's Indian: Unusual White 4th moves, 4 a3, 4 Nc3 Bb7 5 a3 and 4 Nc3 Bb7 .} Ne4 7. Nxe4 Bxe4 8. e3 {The position is equal.} Be7 9. Bd3 Bxd3 10. Qxd3 Nd7 11. O-O O-O (11... g5 $5 12. Bg3 $8 h5 $11) 12. b4 $5 {[%mdl 4] An interesting side line.} a5 13. e4 {[#]} axb4 $146 ({Predecessor:} 13... Qc8 14. d5 e5 15. Bd2 axb4 16. axb4 c6 17. Be3 Qb7 18. dxc6 Qxc6 19. Qd5 Qxd5 20. cxd5 {½-½ (109) Parligras,M (2458)-David,A (2361) Bucharest 2019}) 14. axb4 Qc8 15. h3 Qb7 16. Rab1 Rfd8 17. Qc2 Ra6 18. d5 e5 19. Be3 Qa7 20. Rfc1 h6 21. Ne1 Ra3 22. Nd3 Nf6 23. c5 bxc5 24. bxc5 Qa4 {[#] Hoping for ...Qxc2.} 25. Qxa4 Rxa4 26. f3 Ra3 27. Rd1 dxc5 28. Bxc5 Bd6 {[%mdl 8192] [#]} (28... Bxc5+ $14 29. Nxc5 Ne8) 29. Bxa3 {Weighted Error Value: White=0.07/Black=0.33} 1-0

[Event "EOC-ch Playoff-B 2021"]
[Site "Online"]
[Date "2021.03.29"]
[Round "3.7"]
[White "Kuzubov, Yuriy"]
[Black "Wojtaszek, Radoslaw"]
[Result "0-1"]
[WhiteElo "2642"]
[BlackElo "2705"]
[Annotator "TA"]
[PlyCount "82"]
[EventDate "2021.03.29"]
[EventType "team-tourn"]
[EventCountry "NET"]
[SourceTitle "playchess.com"]
[Source "ChessBase"]
[SourceQuality "1"]

{[%evp 19,82,0,20,0,0,0,0,0,0,0,9,0,2,0,0,0,8,-22,-15,0,-14,-18,0,0,0,0,0,-12,-13,-18,-14,-8,-8,-5,0,-34,-23,-26,0,-47,-33,-52,-75,-120,-120,-116,-125,-231,-242,-289,-261,-453,-195,-398,-400,-394,-385,-711,-666,-1328,-1234,-2415,-2189,-29984,-29985]} 1. d4 Nf6 2. Nf3 d5 3. c4 e6 4. g3 Bb4+ 5. Bd2 Be7 6. Bg2 O-O 7. O-O Nbd7 8. Qc2 c6 9. Bf4 b6 10. cxd5 cxd5 11. Nc3 {E08: Closed Catalan: Main Line: 7 Qc2.} Bb7 12. Rfc1 Rc8 13. Qb3 {The position is equal.} a6 14. a4 Nh5 15. Bd2 {[#]} Nhf6 $146 ({Predecessor:} 15... Bd6 16. Na2 Nhf6 17. Bb4 Qe7 18. e3 Ne4 19. Bxd6 Nxd6 20. Nd2 a5 21. Rxc8 Rxc8 22. Rc1 {½-½ (63) Tica,S (2364)-Sanal,V (2481) Novi Sad 2016}) 16. Bf4 Nh5 17. Be3 Nhf6 18. Ne5 Nxe5 19. dxe5 Nd7 20. Bd4 Nc5 21. Qd1 a5 22. e3 Ba6 23. Bf1 Bxf1 24. Kxf1 f6 25. exf6 Bxf6 26. Kg2 Qd7 27. f3 Qf7 28. Nb5 {[#] And now Nd6 would win.} Rc6 29. Ra3 e5 30. Bxc5 bxc5 {[%cal Bb6c5,Bc5c4][%mdl 32]} 31. Qe2 c4 32. Rd1 Rd8 33. f4 {[#]} (33. Raa1 $17 {might work better.}) 33... exf4 $1 $19 34. gxf4 Re6 {[%cal Bc6e6,Be6e4,Be4e3][%mdl 32]} 35. Kf1 $2 (35. Nd4 Re4 36. Qf2) 35... Be7 (35... d4 $142 36. Qxc4 dxe3 {[%mdl 64] Discovered Attack} 37. Rxd8+ Bxd8) 36. Raa1 $2 (36. Rc3 {is a better defense.}) 36... Bc5 37. Nd4 Re4 38. Nc2 $2 (38. Qf2) 38... Rde8 39. Kg2 d4 40. Qf3 d3 41. Nd4 Rxe3 {Weighted Error Value: White=0.89/Black=0.11} 0-1

[Event "EOC-ch Playoff-B 2021"]
[Site "Online"]
[Date "2021.03.29"]
[Round "3.8"]
[White "Sasikiran, Krishnan"]
[Black "Baklan, Vladimir"]
[Result "1-0"]
[WhiteElo "2647"]
[BlackElo "2587"]
[Annotator "TA"]
[PlyCount "59"]
[EventDate "2021.03.29"]
[EventType "team-tourn"]
[EventCountry "NET"]
[SourceTitle "playchess.com"]
[Source "ChessBase"]
[SourceQuality "1"]

{[%evp 13,59,0,22,11,17,27,33,22,64,67,65,67,75,70,56,58,65,40,27,18,28,35,29,29,29,18,29,30,31,35,28,18,118,117,247,238,249,222,322,231,709,690,634,634,544,544,521,481]} 1. e4 c5 2. Nf3 Nc6 3. Bb5 g6 4. O-O Bg7 5. c3 Nf6 6. Re1 O-O 7. d4 Qb6 {7...d5 is a critical line.} 8. Bxc6 {B31: Sicilian: 2...Nc6 3 Bb5 g6.} dxc6 9. h3 Rd8 10. Qc2 {[#] White is slightly better.} h6 $146 ({Predecessor:} 10... cxd4 11. cxd4 Bd7 12. Be3 Qc7 13. Nc3 Rac8 14. Rac1 Nh5 15. e5 Bf8 16. g4 Ng7 {1-0 (33) Kesselmeier,K (1660)-Wendler,D (1840) Verden 2015}) 11. Be3 cxd4 12. cxd4 Qa5 13. Nbd2 {[%cal Bb1d2,Bd2b3,Bb3c5][%mdl 32]} Be6 14. Ne5 Rac8 15. Nb3 Qa4 16. Rec1 Nd7 17. Nxd7 Bxd7 18. Nc5 Qxc2 19. Rxc2 b6 20. Nxd7 Rxd7 21. e5 g5 22. Rac1 c5 (22... f6 $11 {remains equal.}) 23. b4 $16 {[%cal Bb2b4,Bb4c5,Bc5c6,Bc6c7][%mdl 32]} ({Don't do} 23. dxc5 Bxe5 24. c6 Rd3 $11) 23... f6 {This move loses the game for Black.} (23... e6 $16) 24. dxc5 $18 ({Not} 24. bxc5 fxe5 25. c6 Rd5 $14) 24... bxc5 25. Rxc5 Rxc5 (25... Rcd8 {was necessary.} 26. e6 Rd6) 26. bxc5 {And now c6 would win.} fxe5 $2 {KRB-KRB} (26... f5 27. c6 Rd8 28. Bxa7 Bxe5) 27. c6 {White is clearly winning.} Rc7 {[#]} 28. Bxa7 $1 {[%mdl 512]} Kf7 (28... Rc8 29. a4) 29. Bb6 Rc8 30. c7 {Weighted Error Value: White=0.03/Black=0.32} 1-0

[Event "EOC-ch Playoff-B 2021"]
[Site "Online"]
[Date "2021.03.29"]
[Round "3.9"]
[White "Muradli, Mahammad"]
[Black "Ivanchuk, Vasyl"]
[Result "0-1"]
[WhiteElo "2449"]
[BlackElo "2678"]
[Annotator "TA"]
[PlyCount "94"]
[EventDate "2021.03.29"]
[EventType "team-tourn"]
[EventCountry "NET"]
[SourceTitle "playchess.com"]
[Source "ChessBase"]
[SourceQuality "1"]

{[%evp 29,94,22,19,16,16,17,12,12,33,0,18,0,0,-21,-7,-4,-2,-5,10,-12,0,-12,0,9,11,11,6,9,10,13,6,0,6,0,0,0,0,0,0,-62,-70,-81,-81,-86,-88,-147,-143,-136,-135,-327,-308,-354,-336,-352,-349,-339,-338,-446,-424,-29965,-29965,-29958,-29960,-29957,-29958,-29942,-12264]} 1. d4 Nf6 2. c4 e6 3. Nf3 b6 4. g3 Ba6 5. b3 Bb4+ 6. Bd2 Be7 7. Bg2 c6 8. Bc3 d5 9. Nbd2 Nbd7 10. O-O O-O 11. Re1 c5 12. e4 dxe4 13. Nxe4 Bb7 14. Nfg5 cxd4 15. Bxd4 Qc7 16. Qc2 {[#] And now Nxf6+ would win. E15: Queen's Indian: 4 g3 sidelines, 4 g3 Ba6 and 4 g3 Bb7 early deviations.} Nxe4 17. Nxe4 Rfd8 18. Rad1 {The position is equal.} Rac8 {[#]} 19. Qb2 $146 ({Predecessor:} 19. Be3 h6 20. Bf4 e5 21. Nc3 Bxg2 22. Kxg2 Bb4 23. Bd2 Bxc3 24. Bxc3 b5 25. Qe4 bxc4 26. bxc4 {½-½ (33) Sowray,P-Thompson,I England 1984}) 19... Bf8 20. Qb1 h6 21. Nc3 Bxg2 22. Kxg2 a6 23. Qe4 Be7 24. Rd2 (24. Nd5 {feels hotter.} exd5 25. Qxe7 dxc4 26. Be3 cxb3 27. axb3 Qc3 28. Kf1) 24... Nf6 25. Qf3 Bc5 26. Red1 Bxd4 27. Rxd4 Rxd4 28. Rxd4 Rd8 29. Rxd8+ Qxd8 30. Qb7 Qd3 31. Qf3 Qc2 32. h3 h5 33. Na4 b5 34. Nb6 (34. Nc3 $1 $11) 34... Qxa2 $15 35. Qa8+ Kh7 36. cxb5 Qe2 $36 {[%mdl 2048] ...Ne4 is the strong threat. Black is on the roll.} 37. Nc4 ({Wrong is} 37. bxa6 $2 Ne4 $19) ({Better is} 37. Qf3 Qxb5 38. Nc4) 37... Ne4 $17 38. Qa7 axb5 39. Ne5 {This move loses the game for White.} (39. Qe3 $17 Qxe3 40. Nxe3) 39... Nd2 $19 40. Qd4 f6 ({Don't do} 40... Nxb3 41. Qd6 $19) 41. Qd3+ Qxd3 42. Nxd3 Nxb3 {KN-KN} 43. Nf4 e5 44. Nxh5 {[#]} (44. Nd5 $19 Nd4 45. f4) 44... Nd2 {Black mates.} 45. g4 b4 {[%cal Bb5b4,Bb4b3][%mdl 32]} 46. Ng3 b3 47. Ne2 Ne4 {Weighted Error Value: White=0.52/Black=0.03} 0-1